Učitavanje...

Post-structuralist geography : a guide to relational space /

Bibliografski detalji
Glavni autor: Murdoch, Jonathan
Format: Printed Book
Izdano: London ; Thousand Oaks, Calif. : SAGE, 2006.
Teme:
LEADER 00557cam a2200157 a 4500
020 |a 0761974245 (pbk.) 
082 0 4 |a 910.01  |b MUR/P 
100 1 |a Murdoch, Jonathan. 
245 1 0 |a Post-structuralist geography :  |b a guide to relational space / 
260 |a London ;  |a Thousand Oaks, Calif. :  |b SAGE,  |c 2006. 
300 |a ix, 220 p. : 
650 0 |a Geography 
650 0 |a Poststructuralism. 
942 |c BK 
999 |c 96297  |d 96297 
952 |0 0  |1 0  |4 0  |6 910_010000000000000_MUR_P  |7 0  |9 89106  |a SSS  |b SSS  |c GEN  |d 2011-09-02  |g 1917.53  |l 0  |o 910.01 MUR/P  |p SSS05424  |r 2011-09-02  |w 2011-09-02  |y BK